The Barefoot Counsellor / (Record no. 3284)
[ view plain ]
| 000 -LEADER | |
|---|---|
| fixed length control field | 00517nam a2200181Ia 4500 |
| 003 - CONTROL NUMBER IDENTIFIER | |
| control field | GBCCL |
| 005 - DATE AND TIME OF LATEST TRANSACTION | |
| control field | 20241126110451.0 |
| 008 - FIXED-LENGTH DATA ELEMENTS--GENERAL INFORMATION | |
| fixed length control field | 171123b xxu||||| |||| 00| 0 eng d |
| 020 ## - INTERNATIONAL STANDARD BOOK NUMBER | |
| International Standard Book Number | 8170860326 |
| 040 ## - CATALOGING SOURCE | |
| Transcribing agency | gbc |
| 082 ## - DEWEY DECIMAL CLASSIFICATION NUMBER | |
| Classification number | 253.5 |
| Item number | CUR |
| 100 ## - MAIN ENTRY--PERSONAL NAME | |
| Personal name | Currie, Joe S.J |
| 9 (RLIN) | 6746 |
| 245 #4 - TITLE STATEMENT | |
| Title | The Barefoot Counsellor / |
| Statement of responsibility, etc. | Joe Currie, S.J. |
| 260 ## - PUBLICATION, DISTRIBUTION, ETC. | |
| Name of publisher, distributor, etc. | ASIAN TRADING CORPORATION: |
| Place of publication, distribution, etc. | Bangalore, |
| Date of publication, distribution, etc. | 1992. |
| 300 ## - PHYSICAL DESCRIPTION | |
| Extent | 190p.; |
| Dimensions | 20 cm. |
| 650 ## - SUBJECT ADDED ENTRY--TOPICAL TERM | |
| Topical term or geographic name entry element | Pastoral Care and Counselling |
| 9 (RLIN) | 6747 |
| 942 ## - ADDED ENTRY ELEMENTS (KOHA) | |
| Edition | 3RD ED |
| Source of classification or shelving scheme | Dewey Decimal Classification |
| Koha item type | Books |
| Call number prefix | 253.5 |
| Call number suffix | CUR |
| Koha issues (borrowed), all copies | 8 |
| Withdrawn status | Lost status | Source of classification or shelving scheme | Damaged status | Not for loan | Home library | Current Library | Shelving location | Date acquired | Total checkouts | Full call number | Barcode | Date last seen | Date last checked out | Copy number | Price effective from | Koha item type | Total renewals |
|---|---|---|---|---|---|---|---|---|---|---|---|---|---|---|---|---|---|
| Dewey Decimal Classification | GRACE BIBLE COLLEGE | GRACE BIBLE COLLEGE | Ministry & Mission | 2017-11-23 | 3 | 253.5 CUR | 006466 | 2025-05-01 | 2022-11-21 | c.1 | 2017-11-23 | Books | |||||
| Dewey Decimal Classification | GRACE BIBLE COLLEGE | GRACE BIBLE COLLEGE | Ministry & Mission | 2017-11-28 | 253.5 CUR | 006468 | 2025-05-01 | c.2 | 2017-11-28 | Books | |||||||
| Dewey Decimal Classification | GRACE BIBLE COLLEGE | GRACE BIBLE COLLEGE | Ministry & Mission | 2017-11-28 | 1 | 253.5 CUR | 006473 | 2025-05-01 | 2019-11-04 | c.3 | 2017-11-28 | Books | |||||
| Dewey Decimal Classification | GRACE BIBLE COLLEGE | GRACE BIBLE COLLEGE | Ministry & Mission | 2017-11-28 | 1 | 253.5 CUR | 006474 | 2025-07-28 | 2025-07-24 | c.4 | 2017-11-28 | Books | |||||
| Dewey Decimal Classification | GRACE BIBLE COLLEGE | GRACE BIBLE COLLEGE | Ministry & Mission | 2017-11-28 | 4 | 253.5 CUR | 006475 | 2025-05-01 | 2022-02-04 | c.5 | 2017-11-28 | Books | 1 |